| 000 | 00523nam a2200181Ia 4500 | ||
|---|---|---|---|
| 008 | 131103s9999 xx 000 0 und d | ||
| 040 | _aLoreto College | ||
| 041 | _aEnglish | ||
| 082 |
_a572.95416/BAR _bLCLIB/21196 |
||
| 245 |
_aTribes of Assam _ccomplied by S. Barkataki |
||
| 260 |
_aShillong _b[s.n.] _c[19- -?] |
||
| 300 |
_a168p. _c 20c.m. |
||
| 440 | _aIndia - the land and the people series | ||
| 650 | _aBiochemistry - Assam | ||
| 700 | _aBarkataki, S.; comp. | ||
| 850 | _aLCLIB/572.95416/BAR | ||
| 942 | _cBK | ||
| 999 |
_c22880 _d73359 |
||